000 00739nam a2200253Ia 4500
003 OSt
005 20220928104803.0
006 a|||||r|||| 00| 0
007 ta
008 220927b |||||||| |||| 00| 0 hin d
020 _c895
024 _a115469
037 _b1779, 06/03/2012, Kiran Book Service
_cTextual
040 _aSDCL
_cSDCL
_bhin
041 _2hin
_ahin
082 _aO152,1N08:g, Q1
100 _aSen Devjani
_9412072
245 0 _aDinkar ke kavya mein pragatishel chetna.
260 _aAnand
_bSarth Publication
_c2011
300 _a305p
_ccm.
650 _aHindi
_9391598
942 _hO152,1N08:g, Q1
_cTEXL
_2CC
999 _c727793
_d727793